000
00305nam a22001337a 4500
008
171023b xxu||||| |||| 00| 0 eng d
020
_a
9780071318471
041
_a
eng
080
_2
7 ED
_a
338
100
_a
54
101
_a
MEN
245
_a
SMALL BUSSINESS MANAGEMENT
_c
BYRD.M.J
942
_2
udc
_c
BK
999
_c
35412
_d
35412